000 01258nam a22003737a 4500
001 000041040
003 CHAP
005 20220329135642.0
008 971013s1975 r 00010 d
010 _a39982
011 _a40954
035 _a45080
040 _cCHAP
090 _aFolleto 2809y
100 0 0 _aFlannery, Kent V.
_941226
245 1 0 _aSistemas agrícolas y crecimiento político en Oaxaca antigua.
260 _aChapingo, Méx. :
_bENA. Colegio de Postgraduados,
_c1975.
300 _a20 h.
500 _aTrad. de : Science 158 (3800):445, 1967
590 _aBATCH-UPD
_b10
_c20130110
_lUCH01
_h0859
590 _aBATCH-UPD
_b10
_c20130410
_lUCH01
_h0529
590 _aBATCH-UPD
_b10
_c20130914
_lUCH01
_h0053
590 _aCONVERSION
_b10
_c20130109
_lUCH01
_h1322
590 _aE5995AHE
_b05
_c20150203
_lUCH01
_h1424
650 1 4 _aAgricultura
_xHistoria
_xMéxico.
_91521
650 1 4 _aAgricultura
_xHistoria
_xOaxaca.
_91524
650 1 4 _aOaxaca
_xCondiciones rurales.
_982477
901 _aBK
942 _cFOLL
942 _n0
949 _aFolleto 2809y
_bBC
_cFOLL
_d-103193
_eTS1
_i45080
_mD
_si
949 _aFolleto 2809y
_bBC
_cFOLL
_d-103194
_eTS2
_fc.2
_i45080
_mD
_si
949 _aFolleto 2809y
_bBC
_cUACH
_d-103195
_eUACH
_fc.3
_i45080
_mD
_si
999 _c39982
_d39982